000 00398nam a22001577a 4500
005 20251108175839.0
008 250721s9999 xx 000 0 eng d
082 1 4 _aJ/210/ISL
245 1 0 _aISLAMIC PRIMER /
264 1 _aDELHI :
_bROYAL BUBLISHERS,
300 _a28P.
650 1 7 _aISLAM
653 _aاطفال مرحلة متوسطة(6-9)سنوات
942 _2ddc
_cBK
999 _c143835
_d143835